| 000 | 00550nam a22001697a 4500 | ||
|---|---|---|---|
| 003 | BD-DhUL | ||
| 005 | 20190724101222.0 | ||
| 008 | 190724snd. ii ||||| |||| 00| 0 urd d | ||
| 040 |
_aBD-DhUL _cBD-DhUL |
||
| 082 |
_a891.431 _bNAI |
||
| 100 | 0 | _aنظیر الکبر آبادی | |
| 245 | 1 | 0 |
_aانتخاب کلیات نظیر اکبر آبادی معہ مقدمہ / _cنظیر الکبر آبادی |
| 260 |
_aالۃ آباد : _bانو اراحمدی، _c۔ |
||
| 300 |
_aص۔ ۲۸۸ ؛ _c۱۸ سم۔ |
||
| 650 | 4 | _aUrdu poetry | |
| 942 |
_2ddc _cBK |
||
| 999 |
_c248962 _d248962 |
||